000
00291nam a22001337a 4500
008
190129b xxu||||| |||| 00| 0 eng d
020
_a
9780877017844
041
_a
eng
080
_a
710
100
_a
45
101
_a
ART
245
_a
The Art of Butterfly
_c
Marquand, E
942
_2
udc
_c
BK
999
_c
53875
_d
53875